00385 2200157 4500001002100000005001500021035002000036245003900056100001900095250001200114300002400126260003700150082000800187084001400195020001800209INLIS00000000000116020260430115931 a0010-04260000181 ahore, dalo bisa! /cfitri restiana0 afitri restiana apertama a24 hlm :bilustrasi ajakarta :bKEMENdikdasmen,c2023 a813 a813 FIT h a9786231188380